000 00449nam a2200193Ia 4500
003 0100
008 130303s9999 xx 000 0 und d
020 _a0691100721 7
040 _cARRUPELIB
050 _aB395.V58 1981
100 _aVlastos, Gregory
245 _aPlatonic studies
260 _aPrinceton New Jersey
260 _bPrinceton University Press
260 _C1981
300 _a478p.23cm.
650 _aPHILOSOPHY
942 0 0 _03
999 _c25878
_d25878